LDR 01950nam a2200289 i 4500 001 000000366730 003 CaOOAMICUS 005 20260305111504.0 008 260305s2025 it a u100 u ita u 020 $a978-88-6809-469-0 040 $aSeMil$bita 110 2 $aFondazione Centro italiano di studi sull'Alto Medioevo
.$0(OLS)http://semarc/name/199 245 10$aBerengario 1. e il cuore gardesano del Regno italico tra i secoli 9. e 10. :$batti del 23. Congresso internazionale di studio sull'Alto Medioevo, Verona - Garda, 25-27 ottobre 2024 /$c[Centro italiano di studi sull'Alto Medioevo, Spoleto]. 264 1$aSpoleto :$bFondazione Centro italiano di studi sull'Alto Medioevo,$c2025. 300 $aXII, 489 p., [35] carte di tav. :$bill. ;$c25 cm 490 1 $aAtti dei congressi / Centro italiano di studi sull'Alto Medioevo ;$v23 600 04$aBerengario I : del Friuli
.$0(OLS)http://semarc/subject/49737 650 4$aItalia - Storia - Sec. 9.-10.$0(OLS)http://semarc/subject/59703 650 4$aLago di Garda
- Storia - Sec. 9.-10.$0(OLS)http://semarc/subject/59704 711 2 $aCongresso internazionale di studi sull'alto Medioevo <23. ; 2024 ; Verona - Garda>.$0(OLS)http://semarc/name/123879 830 0$aAtti dei congressi / Centro italiano di studi sull'Alto Medioevo ;$v23.$0(OLS)http://semarc/title/307 850 $aSeMil 852 $aSeMil$W1$xVenegono$y1$m3TA C 23$j268000$B257508$CSeMilBibl$Z2$F257508 $81 996 $6020$a978-88-6809-469-0$9(OLS)http://semarc/number/305446 996 $6245$aBerengario 1. e il cuore gardesano del Regno italico tra i secoli 9. e 10. :$batti del 23. Congresso internazionale di studio sull'Alto Medioevo, Verona - Garda, 25-27 ottobre 2024$9(OLS)http://semarc/title/458500 996 $6264$aSpoleto :$bFondazione Centro italiano di studi sull'Alto Medioevo$9(OLS)http://semarc/publisher/33034